Vol. 34, № 30; Applied Optics

Podrobná bibliografie
Parent link:Applied Optics: [журнал]/ Optical Society of America. Vol. 34, № 30.— , 1967-1974, 1976, 1995-1999
Jazyk:angličtina
Vydáno: 1995
Médium: Kniha
KOHA link:https://koha.lib.tpu.ru/cgi-bin/koha/opac-detail.pl?biblionumber=568768

MARC

LEADER 00000nam2a2200000 4500
001 568768
005 20231101124633.0
035 |a (RuTPU)RU\TPU\prd\266000 
035 |a RU\TPU\prd\265991 
090 |a 568768 
100 |a 20161124c19959999k y0engy50 ba 
101 0 |a eng 
102 |a US 
200 0 |a Vol. 34, № 30 
210 |d 1995 
461 1 |0 (RuTPU)RU\TPU\prd\21  |t Applied Optics  |o [журнал]  |f Optical Society of America  |v Vol. 34, № 30  |d 1967-1974, 1976, 1995-1999 
801 0 |a RU  |b 63413507  |c 20010227  |g PSBO 
801 1 |a RU  |b 63413507  |c 20020228  |g PSBO 
801 2 |a RU  |b 63413507  |c 20200218  |g PSBO 
942 |c BK 
999 |a НТБ_ТПУ  |b НФ  |e -19/20160111  |p П-4670  |u 0,00  |v 1